000 00274nam a2200109Ia 4500
008 190914s9999||||xx |||||||||||||| ||und||
100 _aHelen Wylie
245 4 _aThe Seven Deadly Skills of Computing
260 _aNew Jersey
_bPrentice Hall
_c2000
300 _a398
942 _cBK
999 _c9401
_d9401